| 000 | 00822cam a22003011 4500 | ||
|---|---|---|---|
| 999 |
_c620 _d620 |
||
| 001 | 9788289 | ||
| 003 | GZU | ||
| 005 | 20200908153004.0 | ||
| 008 | 840705s1953 enk n 000 0 eng | ||
| 010 | _a 53030603 | ||
| 015 | _aGB53-4556 | ||
| 020 | _a9780582490291 | ||
| 035 | _a(OCoLC)10917526 | ||
| 040 |
_aDLC _cScU _dUk _dDLC |
||
| 042 | _apremarc | ||
| 043 | _af------ | ||
| 050 | 0 | 0 | _aDT 30.5 BAR 1953 |
| 100 | 1 |
_aBartlett, Vernon, _d1894-1983. |
|
| 245 | 1 | 0 | _aStruggle for Africa. |
| 260 |
_aLondon, _bF. Muller _c[1953] |
||
| 300 |
_a246p. _bill. _c21 cm. |
||
| 500 | _aIncludes index | ||
| 650 | 0 |
_aNationalism _zAfrica |
|
| 650 | 0 |
_aIndigenous peoples _zAfrica |
|
| 651 | 0 |
_aAfrica _xPolitics and government. |
|
| 906 |
_a7 _bcbc _coclcrpl _du _encip _f19 _gy-gencatlg |
||
| 942 |
_cBK _h30.5 _iBAR _kDT |
||